The thirteen principal Upanishads / (Record no. 19576)
[ view plain ]
| 000 -LEADER | |
|---|---|
| fixed length control field | 01179cam a22003371 4500 |
| 001 - CONTROL NUMBER | |
| control field | 9415105 |
| 003 - CONTROL NUMBER IDENTIFIER | |
| control field | BDDh-ASL |
| 005 - DATE AND TIME OF LATEST TRANSACTION | |
| control field | 20231015025805.0 |
| 008 - FIXED-LENGTH DATA ELEMENTS--GENERAL INFORMATION | |
| fixed length control field | 780405s1965 ii 001 0 eng |
| 010 ## - LIBRARY OF CONGRESS CONTROL NUMBER | |
| LC control number | sa 67001740 |
| 020 ## - INTERNATIONAL STANDARD BOOK NUMBER | |
| Terms of availability | Rs 15 |
| 035 ## - SYSTEM CONTROL NUMBER | |
| System control number | (OCoLC)3779443 |
| 040 ## - CATALOGING SOURCE | |
| Original cataloging agency | DLC |
| Transcribing agency | NjUPM |
| Modifying agency | BDDh-ASL |
| -- | DLC |
| 041 1# - LANGUAGE CODE | |
| Language code of text/sound track or separate title | engsan |
| 042 ## - AUTHENTICATION CODE | |
| Authentication code | premarc |
| 050 00 - LIBRARY OF CONGRESS CALL NUMBER | |
| Classification number | BL1120.A3 |
| Item number | H8 1965 |
| 082 ## - DEWEY DECIMAL CLASSIFICATION NUMBER | |
| Classification number | 294.592 |
| Item number | HUU |
| 130 0# - MAIN ENTRY--UNIFORM TITLE | |
| Uniform title | Upanishads. |
| Language of a work | English. |
| 245 14 - TITLE STATEMENT | |
| Title | The thirteen principal Upanishads / |
| Statement of responsibility, etc. | Translated from the Sanskrit with an outline of the philosophy of the Upanishads and an annotated bibliography by Robert Ernest Hume. With a list of recurrent and parallel passages by George C. O. Haas. |
| 250 ## - EDITION STATEMENT | |
| Edition statement | 2d ed., rev. |
| 260 ## - PUBLICATION, DISTRIBUTION, ETC. | |
| Place of publication, distribution, etc. | Madras : |
| Name of publisher, distributor, etc. | Oxford University Press, |
| Date of publication, distribution, etc. | 1965. |
| 300 ## - PHYSICAL DESCRIPTION | |
| Extent | xvi, 587 p. : |
| Dimensions | 23 cm. |
| 500 ## - GENERAL NOTE | |
| General note | "Sixth impression." |
| 504 ## - BIBLIOGRAPHY, ETC. NOTE | |
| Bibliography, etc. note | Bibliography: p. 459-515. |
| 630 00 - SUBJECT ADDED ENTRY--UNIFORM TITLE | |
| Uniform title | Upanishads |
| General subdivision | Bibliography |
| 650 #0 - SUBJECT ADDED ENTRY--TOPICAL TERM | |
| Topical term or geographic name entry element | Hindu philosophy. |
| 700 1# - ADDED ENTRY--PERSONAL NAME | |
| Personal name | Hume, Robert Ernest, |
| Dates associated with a name | 1877-1948, |
| Relator term | tr. |
| 700 1# - ADDED ENTRY--PERSONAL NAME | |
| Personal name | Haas, George Christian Otto, |
| Dates associated with a name | 1883- |
| Relator term | ed. |
| 906 ## - LOCAL DATA ELEMENT F, LDF (RLIN) | |
| a | 7 |
| b | cbc |
| c | oclcrpl |
| d | u |
| e | ncip |
| f | 19 |
| g | y-gencatlg |
| 942 ## - ADDED ENTRY ELEMENTS (KOHA) | |
| Source of classification or shelving scheme | Dewey Decimal Classification |
| Koha item type | Books |
| Withdrawn status | Lost status | Source of classification or shelving scheme | Damaged status | Not for loan | Collection code | Home library | Current library | Shelving location | Date acquired | Source of acquisition | Total Checkouts | Full call number | Barcode | Date last seen | Copy number | Price effective from | Koha item type | Public note |
|---|---|---|---|---|---|---|---|---|---|---|---|---|---|---|---|---|---|---|
| Dewey Decimal Classification | Not For Loan | Non-fiction | Asiatic Society Library | Asiatic Society Library | Ludden Collection | 12/13/2020 | Donated by Prof. David Ludden | 294.592 HUU | 102928 | 12/13/2020 | C-1 | 12/13/2020 | Books | RARE |